Základy európskeho práva
Gespeichert in:
| 1. Verfasser: | |
|---|---|
| Weitere Verfasser: | |
| Format: | Buch |
| Sprache: | Slowakisch |
| Veröffentlicht: |
Bratislava
IURA EDITION
2004
|
| Schlagworte: | |
| Tags: |
Keine Tags, Fügen Sie das erste Tag hinzu!
|
MARC
| LEADER | 00000nam$a2200000$$$4500 | ||
|---|---|---|---|
| 001 | 0012533 | ||
| 005 | 20240314091428.4 | ||
| 020 | |a 80-8078-005-6 | ||
| 041 | 0 | |a slo | |
| 044 | |a SK | ||
| 245 | 1 | 0 | |a Základy európskeho práva |c Ján Klučka, Ján Mazák a kolektív |
| 264 | 1 | |a Bratislava |b IURA EDITION |c 2004 | |
| 300 | |a 536 s. | ||
| 610 | 2 | 0 | |a právo medzinárodné |
| 610 | 2 | 0 | |a právo európske |
| 610 | 2 | 0 | |a legislatíva |
| 610 | 2 | 0 | |a zákony |
| 610 | 2 | 0 | |a integrácia ekonomická medzinárodná |
| 610 | 2 | 0 | |a inštitucionalizmus |
| 610 | 2 | 0 | |a súdy |
| 610 | 2 | 0 | |a občianstvo štátne |
| 610 | 2 | 0 | |a ochrana práv občanov |
| 610 | 2 | 0 | |a práva ľudské |
| 610 | 2 | 0 | |a trh vnútorný |
| 610 | 2 | 0 | |a politika zahraničná |
| 610 | 2 | 0 | |a politika bezpečnostná |
| 610 | 2 | 0 | |a činnosť trestná |
| 610 | 2 | 0 | |a spolupráca medzinárodná |
| 610 | 2 | 0 | |a právo súkromné medzinárodné |
| 610 | 2 | 0 | |a Európa |
| 610 | 2 | 0 | |a Európska únia |
| 610 | 2 | 0 | |a Európske spoločenstvá |
| 100 | 1 | |a Klučka, Ján | |
| 700 | 1 | |a Mazák, Ján | |